Rabindranath Tagore; (Record no. 68267)

MARC details
000 -LEADER
fixed length control field 02420nam a22003257a 4500
005 - DATE AND TIME OF LATEST TRANSACTION
control field 2012062909199.0
010 ## - LCCN (DPL NO)
LC control number B-458189-193 B-462484-488
020 ## - INTERNATIONAL STANDARD BOOK NUMBER
International Standard Book Number 9789380902333
Terms of availability 975.00
035 ## - SYSTEM CONTROL NUMBER
System control number B-458189-193 B-462484-488
037 ## - SOURCE OF ACQUISITION
Stock number dpl
Source of stock number/acquisition K K Pub/ VEN
082 ## - DEWEY DECIMAL CLASSIFICATION NUMBER
Classification number 921
100 ## - MAIN ENTRY--PERSONAL NAME
Personal name Gopichan, P.
245 ## - TITLE STATEMENT
Title Rabindranath Tagore;
Remainder of title a retrospection/
Statement of responsibility, etc by P. Gopichand and P. Nagasuseela
260 ## - PUBLICATION, DISTRIBUTION, ETC. (IMPRINT)
Place of publication, distribution, etc Jaipur
Name of publisher, distributor, etc Aadi Publication
300 ## - PHYSICAL DESCRIPTION
Extent 309pg.
Dimensions 21cm
710 ## - ADDED ENTRY--CORPORATE NAME
Corporate name or jurisdiction name as entry element P. Nagasuseela
9 (RLIN) 49702
942 ## - ADDED ENTRY ELEMENTS (KOHA)
Source of classification or shelving scheme Dewey Decimal Classification
Classification part 921
Item type English Books
Call number suffix GOP
Holdings
Withdrawn status Lost status Not for loan Collection code Home library Current library Date acquired Source of acquisition Cost, normal purchase price Full call number Barcode Copy number Cost, replacement price Koha item type Public note
      Non-fiction Bawana Bawana 03/07/2012 K.K.Pub/1660/24.01.2012/25/24.01.2012/06.02.2012 975.00 921 GOP B-458192 1 975.00 English Books  
      Non-fiction Central Library Central Library 03/07/2012 K.K.Pub/1660/24.01.2012/25/24.01.2012/06.02.2012 975.00 921 GOP B-458189 1 975.00 English Books Legal Case Register (2018)
      Non-fiction Janak Puri Janak Puri 12/07/2012 K.K.Pub/1708/26.12.2011/25/18.01.2012/15.02.2012 975.00 921 GOP B-462485 1 975.00 English Books  
      Non-fiction Narela Narela 12/07/2012 K.K.Pub/1708/26.12.2011/25/18.01.2012/15.02.2012 975.00 921 GOP B-462488 1 975.00 English Books  
      Non-fiction Patel Nagar Patel Nagar 03/07/2012 K.K.Pub/1660/24.01.2012/25/24.01.2012/06.02.2012 975.00 921 GOP B-458190 1 975.00 English Books  
      Non-fiction Peshwa Road Peshwa Road 12/07/2012 K.K.Pub/1708/26.12.2011/25/18.01.2012/15.02.2012 975.00 921 GOP B-462484 1 975.00 English Books  
      Non-fiction R.K.Puram-8 R.K.Puram-8 12/07/2012 K.K.Pub/1708/26.12.2011/25/18.01.2012/15.02.2012 975.00 921 GOP B-462486 1 975.00 English Books  
      Non-fiction Sarojini Nagar Sarojini Nagar 03/07/2012 K.K.Pub/1660/24.01.2012/25/24.01.2012/06.02.2012 975.00 921 GOP B-458191 1 975.00 English Books  
      Non-fiction Shahdara Branch Shahdara Branch 03/07/2012 K.K.Pub/1660/24.01.2012/25/24.01.2012/06.02.2012 975.00 921 GOP B-458193 1 975.00 English Books  
      Non-fiction Vinoba Puri Vinoba Puri 12/07/2012 K.K.Pub/1708/26.12.2011/25/18.01.2012/15.02.2012 975.00 921 GOP B-462487 1 975.00 English Books  

© Delhi Public Library
Hit Counter
free hit counter